000 00700nam a22002297a 4500
005 20250625155626.0
010 _aENG-145511
020 _c250.00
_a9788193376140
035 _aEN-129043
037 _bDBAD/PUB
082 _a305.4
100 _aPereira, Melvil
_982358
245 _aExploring Differences ,Recording Change:
_bThe Karbis of Assam/
_cMelvil Pereira....[ed,al]
250 _a1
260 _aGuwahati
_c2017
270 _bAssam
_a North Eastern Social Research Centre
_e781005
300 _a311vpp.
_c21cm(pbk)
700 _aDharaming Teron
_982359
700 _aSyotikona Chetia
_982360
700 _aMaggie Katharpi
_982361
942 _2ddc
_cEN
_h305.4
_mMEL
999 _c211958
_d211958